00681nam 22002053 4500001000700000010002200007100004100029200009400070205000800164210004900172215003600221225001600257300007700273606003400350675002800384700001300412702002100425801001800446830001100464202847 a978-972-20-8392-8 a20260702d u||y0pory50 ba aTenho 1 Anoeo meu primeiro procura e encontraf[Disney]gilustrações Sandrine Lamour a1ª aAlfragidecPublicações Dom Quixoted2021 a[18] p.cil. ; cartonadod30 cm aDisney Baby aMais de 50 elementos escondidos. Um grande livro de brincar para bebés aLiteratura Infantil Americana a821.111(73)-93vPTzpor a[Disney] aLamourbSandrine aPTbBMMNgRPC cIsabel